Soukromé vysoké školy v ekonomickém a sociálním vývoji Slovenské republiky a České republiky

Postavenie súkromných vysokých škôl v Česku a na Slovensku, problémy súkromných vysokých škôl. Nerovnoprávne postavenie súkromného sektoru medzi inými typmi škôl.

Saved in:
Bibliographic Details
Main Author: Liďák, Ján
Other Authors: Srb, Vladimír
Format: Book Chapter
Language:Czech
Subjects:
Tags: Add Tag
No Tags, Be the first to tag this record!

MARC

LEADER 00000naa$a2200000$$$4500
001 0109965
005 20240502072218.7
041 0 |a cze 
044 |a SK 
245 1 0 |a Soukromé vysoké školy v ekonomickém a sociálním vývoji Slovenské republiky a České republiky  |c Ján Liďák, Vladimír Srb 
520 |a Postavenie súkromných vysokých škôl v Česku a na Slovensku, problémy súkromných vysokých škôl. Nerovnoprávne postavenie súkromného sektoru medzi inými typmi škôl. 
610 2 0 |a vývoj hospodársky 
610 2 0 |a vývoj sociálny 
610 2 0 |a školy vysoké 
610 2 0 |a školy súkromné 
610 2 0 |a Česko 
610 2 0 |a Slovensko 
100 1 |a Liďák, Ján 
700 1 |a Srb, Vladimír